000 00447nam a2200169Ia 4500
008 230917s9999||||xx |||||||||||||| ||und||
020 _cRS 375.00
040 _e5006578
_aMAIN
041 _aEnglish
082 _a791.430954 H176H
100 _aHameed, Javed
245 0 _aHindi cinema ke khalnayak
260 _aDelhi
_bAtulya Publications
_c2019
300 _a152 p.
500 _a4142 21/10/2021 RK21/1110 28/10/2021 Main Budget
942 _cBK
999 _c3028
_d3028